|
|
|
|
| LEADER |
00000cam a2200000 7i4500 |
| 001 |
0000001435 |
| 005 |
20230703.0 |
| 008 |
991126 ii eng |
| 040 |
|
|
|a INS
|
| 090 |
0 |
0 |
|a RA781.
|b N5613 1983
|
| 100 |
1 |
|
|a Noder, Walter
|
| 245 |
1 |
0 |
|a Speaking of :
|b fitness over 40 :
|b keeping active and healthy through improved arculation
|c Walter Noder
|f translated by Susan Ray
|
| 260 |
|
|
|a New Delhi :
|b Sterling Publishers Private Limited ,
|c c1983
|
| 300 |
|
|
|a 123 p. :
|b ill. ;
|c 22 cm.
|
| 440 |
|
0 |
|a Sterling health & cure series
|
| 650 |
|
0 |
|a Physical fitness
|
| 700 |
1 |
|
|a Ray Susan
|
| 999 |
|
|
|a 0000003461
|b BOOK
|c Open Shelf
|e Default branch
|